| 000 | 00794nam a2200265 a 4500 | ||
|---|---|---|---|
| 005 | 20140310183315.0 | ||
| 008 | 051025s19uu xx 00 eng d | ||
| 050 |
_aHV 6250.4 _b.D249 1998 |
||
| 100 | _aDavid, Rina Jimenez | ||
| 245 |
_aUnderstanding violence againts women : _ba guide for media / _cRina J. David. |
||
| 260 |
_aPhilippines : _bCenter for Media Freedom & Responsibilty, _c1998. |
||
| 300 |
_a17 p. : _bill. ; _c23 cm. |
||
| 521 | _aMC | ||
| 650 |
_aWomen _xCrimes againts _xPhilippines. |
||
| 650 |
_aWomen _xCrimes againts _xResearch _xPhilippines. |
||
| 650 |
_aWife abuse _xPhilippines. |
||
| 650 |
_aRape _xPhilippines. |
||
| 942 |
_cBK _2lcc _kLOC |
||
| 999 |
_c21262 _d21262 |
||